Catalog

Record Details

Catalog Search



Available copies

  • 2 of 2 copies available at LARL/NWRL Consortium.
  • 2 of 2 copies available at Lake Agassiz Regional Library. (Show preferred library)

Current holds

0 current holds with 2 total copies.

Show Only Available Copies
Location Call Number / Copy Notes Barcode Shelving Location Status Due Date
Breckenridge Public Library KEA (Text) 33500014378327 New Available -
Mahnomen Public Library KEA (Text) 33500014378335 New Available -

Record details

  • ISBN: 9781250392459
  • ISBN: 1250392454
  • Physical Description: 197 pages ; 22 cm
  • Edition: First edition.
  • Publisher: New York : Nightfire, an imprint of Tor Publishing Group, 2026.

Content descriptions

Summary, etc.:
"Carter Keane's Morsel is a delicious folk horror ... Read More
Subject: Real property > Valuation > Fiction.
Ohio > Fiction.
Appalachian Region > Fiction.
Monsters > Fiction.
First-generation college students > Fiction.
Occupations > Fiction.
FICTION / Horror / Monsters & Creatures.
FICTION / Fairy Tales, Folk Tales, Legends & Mythology.
FICTION / Horror / Occult & Supernatural.
Genre: Horror fiction.
Horror fiction.
Novels.
Fiction.
LDR 03420cam a22006258i 4500
001481828
003LARL_NWRL_CONSORTIUM
00520260518191652.0
008260204s2026 nyu 000 1 eng
010 . ‡a 2026005531
040 . ‡aDLC ‡beng ‡erda ‡cDLC ‡dOCLCO ‡dDWP ‡dIG# ‡dOCLCO ‡dHBP ‡dOCLCO ‡dZGR ‡dMLSOD ‡dSDD
020 . ‡a9781250392459 ‡q(hardcover)
020 . ‡a1250392454 ‡q(hardcover)
020 . ‡z9781250392466 ‡q(ebook)
035 . ‡a(OCoLC)1513885853
042 . ‡apcc
08204. ‡a[Fic] ‡223
1001 . ‡aKeane, Carter, ‡eauthor.
24510. ‡aMorsel / ‡cCarter Keane.
250 . ‡aFirst edition.
264 1. ‡aNew York : ‡bNightfire, an imprint of Tor Publishing Group, ‡c2026.
300 . ‡a197 pages ; ‡c22 cm
336 . ‡atext ‡btxt ‡2rdacontent
337 . ‡aunmediated ‡bn ‡2rdamedia
338 . ‡avolume ‡bnc ‡2rdacarrier
520 . ‡a"Carter Keane's Morsel is a delicious folk horror debut about learning to bite back when the world is determined to eat you alive. Lou did what the children of parents with backbreaking, poorly paying jobs are supposed to do: pulled up her bootstraps, went to college, and got an office gig with coworkers who won't stop talking about their multilevel marketing scheme disguised as self-betterment. When Lou accepts a property appraisal assignment in the rural hills of Ohio, she knows it's her last chance to save her job and keep making rent. But she quickly finds herself stranded in the middle of nowhere with a sabotaged truck, her dog, and someone--or something--stalking her through the ancient Appalachian woods. If she can't escape the woods in time, she'll see firsthand that her job isn't the only thing that wants to eat her alive. Morsel is The Blair Witch Project meets The Ritual, with a generous helping of The Menu, perfect for fans of T. Kingfisher, Cassandra Khaw, and Paul Tremblay"-- Provided by publisher.
650 0. ‡aReal property ‡xValuation ‡vFiction.
651 0. ‡aOhio ‡vFiction. ‡0(LARL_NWRL_CONSORTIUM)166496
651 0. ‡aAppalachian Region ‡vFiction. ‡0(LARL_NWRL_CONSORTIUM)163223
650 0. ‡aMonsters ‡vFiction. ‡0(LARL_NWRL_CONSORTIUM)166252
650 0. ‡aFirst-generation college students ‡vFiction.
650 0. ‡aOccupations ‡vFiction.
650 7. ‡aFICTION / Horror / Monsters & Creatures. ‡2bisacsh
650 7. ‡aFICTION / Fairy Tales, Folk Tales, Legends & Mythology. ‡2bisacsh
650 7. ‡aFICTION / Horror / Occult & Supernatural. ‡2bisacsh
655 0. ‡aHorror fiction.
655 7. ‡aHorror fiction. ‡2lcgft
655 7. ‡aNovels. ‡2lcgft
655 7. ‡aFiction. ‡2lcgft
758 . ‡1http://id.loc.gov/resources/instances/in00024443763
758 . ‡4http://id.loc.gov/ontologies/bibframe/instanceOf ‡1http://id.loc.gov/resources/works/in00024443763
884 . ‡aDLC bibframe2marc v3.1-dev ‡g20260204 ‡qDLC ‡uhttps://github.com/lcnetdev/bibframe2marc/tree/v3.1-dev
901 . ‡a481828 ‡bOCoLC ‡c481828 ‡tbiblio ‡soclc

Additional Resources